[Event "Nepomuk 3rd"]
[Site "Nepomuk"]
[Date "2023.09.08"]
[Round "8"]
[White "Spirik, Jiri"]
[Black "Novy, Martin"]
[Result "1/2-1/2"]
[WhiteElo "2143"]
[BlackElo "2104"]
[PlyCount "83"]
[EventDate "2023.08.31"]
[EventType "tourn"]
[EventRounds "9"]
[EventCountry "CZE"]
[SourceTitle "EXT 2024"]
[Source "ChessBase"]
[SourceDate "2023.10.10"]
[SourceVersion "1"]
[SourceVersionDate "2023.10.10"]
[SourceQuality "1"]

1. d4 d5 2. Nf3 Nf6 3. c4 e6 4. Nc3 Nbd7 5. Bg5 Be7 6. e3 0-0 7. Rc1 c6 8. Bd3 dxc4 9. Bxc4 Nd5 10. Bxe7 Qxe7 11. 0-0 Nxc3 12. Rxc3 Rd8 13. Qb3 Rb8 14. Qa3 Qxa3 15. Rxa3 Ra8 16. b4 Nb6 17. Be2 Nd5 18. Rb1 Bd7 19. Ne5 Be8 20. Nd3 Rdc8 21. h3 Kf8 22. Nc5 Rc7 23. Kf1 Ke7 24. Ke1 f6 25. g3 b6 26. Nd3 Bg6 27. Rb2 Kd7 28. Kd2 Re8 29. f3 Kc8 30. e4 Ne7 31. Ke3 Bf7 32. Rc2 Rd8 33. b5 Rdd7 34. bxc6 Nxc6 35. Rac3 Na5 36. Nb4 Rxc3+ 37. Rxc3+ Rc7 38. Kd2 Rxc3 39. Kxc3 Kc7 40. Bb5 Kd6 41. Nd3 e5 42. a3 1/2-1/2

[Event "CSR-chT 9091"]
[Site "Czechoslovakia"]
[Date "1991.04.06"]
[Round "13.2"]
[White "Langner, Ladislav"]
[Black "Spirik, Jiri"]
[Result "0-1"]
[WhiteElo "2380"]
[BlackElo "2260"]
[PlyCount "94"]
[EventDate "1990.??.??"]
[EventType "team"]
[EventRounds "14"]
[EventCountry "CSR"]
[SourceTitle "EXT 2002"]
[Source "ChessBase"]
[SourceDate "2001.11.25"]
[SourceVersion "1"]
[SourceVersionDate "2001.11.25"]
[SourceQuality "1"]

1. e4 d6 2. d4 Nf6 3. Nc3 g6 4. Be3 c6 5. a4 Bg7 6. f3 a5 7. Qd2 Na6 8. Bxa6 Rxa6 9. g4 h5 10. g5 Nd7 11. f4 Nb6 12. b3 d5 13. e5 Bf5 14. Nf3 Qc8 15. Nh4 e6 16. Nd1 0-0 17. Nf2 Rd8 18. 0-0 Bf8 19. Nxf5 exf5 20. Nd3 Na8 21. c4 dxc4 22. bxc4 Nc7 23. Qb2 Ne6 24. Rab1 Rd7 25. Nc1 Bb4 26. Nb3 Nc7 27. Rbc1 Qe8 28. Qe2 Ra8 29. Rfd1 Rad8 30. Bd2 Bxd2 31. Rxd2 Ne6 32. Qe3 Qe7 33. c5 Ra8 34. Rd3 Qd8 35. Qf2 Rd5 36. Kg2 b6 37. cxb6 Qxb6 38. Rc4 Rad8 39. Rdc3 Nxd4 40. Rxc6 Qb7 41. Nxd4 Rxd4 42. Qf3 Qb4 43. e6 Rxf4 44. exf7+ Kf8 45. Qe2 Rg4+ 46. Kh3 Re4 47. Qf2 Re3+ 0-1

[Event "CSR-chT 9091"]
[Site "Czechoslovakia"]
[Date "1991.03.16"]
[Round "11.2"]
[White "Gazik, Igor"]
[Black "Spirik, Jiri"]
[Result "1/2-1/2"]
[WhiteElo "2395"]
[BlackElo "2260"]
[PlyCount "128"]
[EventDate "1990.??.??"]
[EventType "team"]
[EventRounds "14"]
[EventCountry "CSR"]
[SourceTitle "EXT 2002"]
[Source "ChessBase"]
[SourceDate "2001.11.25"]
[SourceVersion "1"]
[SourceVersionDate "2001.11.25"]
[SourceQuality "1"]

1. e4 d6 2. d4 Nf6 3. Nc3 g6 4. g3 Bg7 5. Bg2 0-0 6. Nge2 e5 7. 0-0 Nc6 8. h3 exd4 9. Nxd4 Nxe4 10. Nxc6 Nxc3 11. Nxd8 Nxd1 12. Nxb7 Bxb7 13. Bxb7 Rab8 14. Rxd1 Rxb7 15. Rb1 Re8 16. Kf1 Kf8 17. b3 Bc3 18. Be3 Re6 19. Rd3 Bg7 20. Rbd1 Ke7 21. c4 c5 22. g4 Rb6 23. Kg2 Re4 24. Kf3 Re6 25. h4 h6 26. Rd5 a5 27. Bf4 Rc6 28. a4 Rb6 29. R1d3 Bd4 30. Bxh6 Rf6+ 31. Kg3 Bxf2+ 32. Kh3 Re6 33. Bd2 Ra6 34. h5 gxh5 35. gxh5 Bd4 36. h6 Ra8 37. Rh5 Rh8 38. h7 Re5 39. Rh6 Re6 40. Rh4 Rg6 41. Rg3 Bf6 42. Rxg6 fxg6 43. Rh6 Kf7 44. Bxa5 Bg7 45. Rh4 Bf6 46. Rf4 Rxh7+ 47. Kg4 Ke6 48. Re4+ Be5 49. Bc3 Rh1 50. Re1 Rh2 51. Bxe5 dxe5 52. Ra1 e4 53. a5 Ke5 54. a6 Rh8 55. a7 Ra8 56. Ra6 Kd4 57. Kf4 g5+ 58. Kxg5 e3 59. Kf4 Rf8+ 60. Kg4 e2 61. Re6 Kd3 62. Re5 Kd2 63. Rd5+ Kc2 64. Re5 Kd3 1/2-1/2

[Event "CSR-chT 9091"]
[Site "Czechoslovakia"]
[Date "1991.01.20"]
[Round "6.3"]
[White "Spirik, Jiri"]
[Black "Polasek, Jaroslav"]
[Result "0-1"]
[WhiteElo "2260"]
[BlackElo "2355"]
[PlyCount "74"]
[EventDate "1990.??.??"]
[EventType "team"]
[EventRounds "14"]
[EventCountry "CSR"]
[SourceTitle "EXT 2002"]
[Source "ChessBase"]
[SourceDate "2001.11.25"]
[SourceVersion "1"]
[SourceVersionDate "2001.11.25"]
[SourceQuality "1"]

1. d4 f5 2. g3 Nf6 3. Bg2 e6 4. Nf3 Be7 5. 0-0 0-0 6. Nbd2 d6 7. Re1 Nc6 8. c3 e5 9. Qb3+ Kh8 10. dxe5 dxe5 11. e4 f4 12. gxf4 exf4 13. e5 Nd7 14. Qd5 Nc5 15. Nd4 Qxd5 16. Bxd5 Nxd4 17. cxd4 Nd3 18. Re2 Rd8 19. Be4 Rxd4 20. Nb3 Rd8 21. Bxd3 Rxd3 22. Bxf4 Bh3 23. Re3 Rad8 24. Rxd3 Rxd3 25. Rc1 c5 26. Na5 Rd4 27. Bg3 Rd2 28. Nxb7 Rxb2 29. Nd6 Rxa2 30. f4 Rg2+ 31. Kh1 Rb2 32. f5 c4 33. Nxc4 Bg2+ 34. Kg1 Bc5+ 35. Bf2 Rxf2 36. Ne3 Rf1+ 37. Rxf1 Bxf1 0-1

[Event "CSR-chT 9091"]
[Site "Czechoslovakia"]
[Date "1991.01.19"]
[Round "5.4"]
[White "Spirik, Jiri"]
[Black "Vavruska, David"]
[Result "1-0"]
[WhiteElo "2260"]
[BlackElo "2285"]
[PlyCount "61"]
[EventDate "1990.??.??"]
[EventType "team"]
[EventRounds "14"]
[EventCountry "CSR"]
[SourceTitle "EXT 2002"]
[Source "ChessBase"]
[SourceDate "2001.11.25"]
[SourceVersion "1"]
[SourceVersionDate "2001.11.25"]
[SourceQuality "1"]

1. d4 d6 2. Nf3 Bg4 3. c4 g6 4. e3 Bg7 5. Be2 Nf6 6. Nc3 0-0 7. 0-0 c6 8. h3 Bxf3 9. Bxf3 e6 10. Rb1 d5 11. b3 a6 12. a4 Nbd7 13. Ba3 Re8 14. Qd2 b5 15. Rfc1 Qb6 16. cxb5 axb5 17. Bb4 bxa4 18. bxa4 Qa7 19. a5 Reb8 20. Be2 Bf8 21. Bxf8 Kxf8 22. a6 Kg7 23. Na4 Ne4 24. Qa5 Nd6 25. Rxb8 Nxb8 26. Nc5 Nb7 27. Nxb7 Qxb7 28. Ra1 Qb2 29. Bf1 Ra7 30. Qc5 Ra8 31. Ra4 1-0